000 00826cam a22002771 4500
001 21762
003 BD-RjUL
005 20211209000727.0
008 140305r19691964nyuabd b 001 0 eng
035 _a(BD-RjUL)21827
035 _a(OCoLC)487650
040 _aDLC
_cODaWU
_dOCoLC
_dDLC
_dBD-RjUL
_beng
041 _aeng
082 _a914
_bSHE
100 1 _aShackleton, Margaret Reid.
_967211
245 1 0 _aEurope:
_ba regional geography.
250 _a7th ed.
260 _aNew York :
_bF. A. Praeger,
_cc1964 [reprinted 1969]
300 _axiv, 572 p. :
_billus., charts, maps. ;
_c23 cm.
504 _aIncludes bibliographies and index.
650 0 _aPhysical geography
_zEurope.
_967212
651 0 _aEurope
_xDescription and travel.
_965724
942 _2ddc
_cBK
999 _c21762
_d21762